Kurtze und einfeltige Beschreibung, aller Hohemeister Deutsches Ordens S. Mariae, des Hospitals zu Jerusalem, & c. // Kurtze und warhafftige Beschreibung des Landes zu Preussen (Запись № 10227843)

Подробности
000 -МАРКЕР
контрольное поле 02229nam1a22003131 4500
001 - ИДЕНТИФИКАТОР ЗАПИСИ
контрольное поле RU\NLR\A2V16\12462
005 - ИДЕНТИФИКАТОР ВЕРСИИ
контрольное поле 20251214183024.0
035 ## - ДРУГИЕ СИСТЕМНЫЕ НОМЕРА
Идентификатор записи (NLR Aleph) 009815521
100 ## - ДАННЫЕ ОБЩЕЙ ОБРАБОТКИ
Данные общей обработки 19990402d1584 u y0rusy50 ca
101 0# - ЯЗЫК РЕСУРСА
Язык текста, звукозаписи и т.д. немецкий
102 ## - СТРАНА ПУБЛИКАЦИИ ИЛИ ПРОИЗВОДСТВА
Страна публикации российская федерация
200 1# - ЗАГЛАВИЕ И СВЕДЕНИЯ ОБ ОТВЕТСТВЕННОСТИ
Основное заглавие Kurtze und einfeltige Beschreibung, aller Hohemeister Deutsches Ordens S. Mariae, des Hospitals zu Jerusalem, & c.
Сведения, относящиеся к заглавию Derer so wol, so zu Ackers und Venedig, als derer, so in Preussen zu Marienburg und Königsberg regiret haben.
-- Sonderlich aber, wie lange sie regieret, und was sie die zeit jrer Regirunge fürnemlichen ausgerichtet haben
210 ## - ПУБЛИКАЦИЯ, РАСПРОСТРАНЕНИЕ И ДР.
Место издания, распространения и т.д. Gedruckt zu Königsberg in Preussen [Kaliningrad]
Имя издателя, распространителя и т. д. bey Georgen Osterbergern
Дата издания, распространения и т.д. 1584
215 ## - ФИЗИЧЕСКАЯ ХАРАКТЕРИСТИКА
Специфическое обозначение материала и объем [2-52] л., [1] л. ил.
Другие сведения о физической характеристике ил.
Размеры 4° (19 см)
304 ## - ПРИМЕЧАНИЯ, ОТНОСЯЩИЕСЯ К ЗАГЛАВИЮ И СВЕДЕНИЯМ ОБ ОТВЕТСТВЕННОСТИ
Текст примечания Авт.: Casparus Hennenberger. Установл. по: VD 16
306 ## - ПРИМЕЧАНИЯ, ОТНОСЯЩИЕСЯ К ПУБЛИКАЦИИ, РАСПРОСТРАНЕНИЮ И ИСПОЛНЕНИЯ ИЗДАНИЯ
Текст примечания Год изд. указ. в колофоне
307 ## - ПРИМЕЧАНИЯ, ОТНОСЯЩИЕСЯ К ФИЗИЧЕСКОМУ ОПИСАНИЮ
Текст примечания Является частью изд.: Kurtze und warhafftige Beschreibung des Landes zu Preussen ... / Durch Casparus Hennenbergern ... - Zu Königsberg in Preussen [Kaliningrad], 1584
463 #0 - УРОВЕНЬ ФИЗИЧЕСКОЙ ЕДИНИЦЫ
Встроенное поле 001RU\NLR\A2V16\13242
Системный номер (АБИС) связанной записи 10230650
Автор Hennenberger, K. (1529-1600)
Место публикации Zu Königsberg in Preussen [Kaliningrad
Дата публикации 1584
Первые сведения об ответственности Aus Alten und newen Scribenten zusammen gezogen, Durch Casparum Hennenbergern, Pfarherrn zu Mülhausen auff Natangen
Имя издателя, распространителя и т.д. bey Georgen Osterbergern
Сведения, относящиеся к заглавию Wie sie es nach jhrer gewonheit, ehe und dann, sie durch den Orden bezwungen, und zum Christlichen Glauben bekert worden sind, in allerley stücken gehalten haben. : Letzlich eine kurtze Austeilung des Landes, wie dasselbige in der Heidenschafft, ehe es der Orden bezwungen, genent und bewonet worden. : Auch was für Schlosser und Stedte in jederm Fürstenthum gelegen sind.
Физическая характеристика [6], 43, [53] л., [4] ил., карт.
Заглавие Kurtze und warhafftige Beschreibung des Landes zu Preussen
700 #1 - ИМЯ ЛИЦА - ПЕРВИЧНАЯ ОТВЕТСТВЕННОСТЬ
Связь между полями z01790
Начальный элемент ввода Hennenberger
Часть имени, кроме начального элемента ввода K.
Даты 1529-1600
Расширение инициалов личного имени Kaspar
Код отношения Автор
702 #1 - ИМЯ ЛИЦА - ВТОРИЧНАЯ ОТВЕТСТВЕННОСТЬ
Начальный элемент ввода Osterberger
Часть имени, кроме начального элемента ввода G.
Даты ок. 1542-1602
Расширение инициалов личного имени Georg
Код отношения Издатель
790 #1 - ИМЯ ЛИЦА - АЛЬТЕРНАТИВНАЯ ФОРМА
Связь между полями z01700
Начальный элемент ввода Hennenberger
Расширение инициалов личного имени Casparus
Код отношения Автор
801 #0 - ИСТОЧНИК ЗАПИСИ
Страна российская федерация
Организация NLR
Дата составления 19990402
852 ## - МЕСТОНАХОЖДЕНИЕ И ШИФР ХРАНЕНИЯ
Идентификатор организации NLR
Шифр хранения (Call Number) 33.92.5.18 Аллиг.3
942 ## - ДОПОЛНИТЕЛЬНЫЕ ЭЛЕМЕНТЫ ЗАПИСИ (АБИС)
Тип экземпляра АБИС Книга
980 ## - КОЛЛЕКЦИЯ
Название коллекции Национальная библиография
980 ## - КОЛЛЕКЦИЯ
Название коллекции Книги XVI века на европейских языках

Нет доступных экземпляров.